000 00948nam a22001937a 4500
999 _c62905
_d62905
003 Ge_BSU
005 20250318154416.0
008 250318s1999 ge ||||| |||| 00| 0 geo d
041 _ageo
080 _a617.5(075.8) ბ-89
100 _aბოჭორიშვილი, გიორგი
_922608
245 _aკერძო ქირურგია :
_bსახელმძღვანელო სამედიცინო ინსტიტუტის სტუდენტებისათვის /
_cგ. ბოჭორიშვილი; რედაქტორი ც. შინდაგორიძე.
264 _aთბილისი,
_c1999.
300 _a656 გვ. :
_bსურ. ;
_c27 სმ.
653 _aკერძო ქირურგია
653 _aმედიცინა
700 _aშინდაგორიძე, ც.
_eრედაქტორი
_923460
942 _2udc
_cᲬᲘᲒᲜᲘ